Vincent van Gogh : (Record no. 23523)

000 -LEADER
fixed length control field 01013cam a2200277 a 4500
001 - CONTROL NUMBER
control field 1998330
003 - CONTROL NUMBER IDENTIFIER
control field OSt
005 - DATE AND TIME OF LATEST TRANSACTION
control field 20170126120141.0
008 - FIXED-LENGTH DATA ELEMENTS--GENERAL INFORMATION
fixed length control field 900426s1990 ilucf b 001 0beng
010 ## - LIBRARY OF CONGRESS CONTROL NUMBER
LC control number 90036939
020 ## - INTERNATIONAL STANDARD BOOK NUMBER
International Standard Book Number 0929587375 (alk. paper) :
Terms of availability $24.95
040 ## - CATALOGING SOURCE
Original cataloging agency DLC
Transcribing agency DLC
Modifying agency DLC
043 ## - GEOGRAPHIC AREA CODE
Geographic area code e-ne---
050 00 - LIBRARY OF CONGRESS CALL NUMBER
Classification number ND653.G7
Item number C36 1990
082 00 - DEWEY DECIMAL CLASSIFICATION NUMBER
Classification number 759.9492
-- B
Edition number 20
100 1# - MAIN ENTRY--PERSONAL NAME
Personal name Callow, Philip.
245 10 - TITLE STATEMENT
Title Vincent van Gogh :
Remainder of title a life /
Statement of responsibility, etc. Philip Callow.
260 ## - PUBLICATION, DISTRIBUTION, ETC. (IMPRINT)
Place of publication, distribution, etc. Chicago :
Name of publisher, distributor, etc. I.R. Dee,
Date of publication, distribution, etc. 1990.
300 ## - PHYSICAL DESCRIPTION
Extent xviii, 295 p., [8] p. of plates :
Other physical details ports ;
Dimensions 25 cm.
504 ## - BIBLIOGRAPHY, ETC. NOTE
Bibliography, etc Includes bibliographical references (p. 287-288) and index.
600 10 - SUBJECT ADDED ENTRY--PERSONAL NAME
Personal name Gogh, Vincent van,
Dates associated with a name 1853-1890.
650 #0 - SUBJECT ADDED ENTRY--TOPICAL TERM
Topical term or geographic name as entry element Painters
Geographic subdivision Netherlands
General subdivision Biography.
906 ## - LOCAL DATA ELEMENT F, LDF (RLIN)
a 7
b cbc
c orignew
d 1
e ocip
f 19
g y-gencatlg
942 ## - ADDED ENTRY ELEMENTS (KOHA)
Source of classification or shelving scheme
Koha item type Hard Covered Materials
Classification part ND 653 .G7C36 1990
Holdings
Withdrawn status Lost status Source of classification or shelving scheme Damaged status Not for loan Home library Current library Shelving location Date acquired Source of acquisition Total Checkouts Full call number Barcode Date last seen Price effective from Koha item type
          MACHAKOS UNIVERSITY LIBRARY MACHAKOS UNIVERSITY LIBRARY Technical section 26/01/2017 Donation (BFA)   ND 653 .G7C36 1990 32337 13/09/2018 26/01/2017 Hard Covered Materials
© Machakos University Library, Along The Highway, Machakos Wote Rd, Machakos, Kenya P.O. Box 136 - 90100 Machakos - Kenya

Tel: ( +254 ) 723 805829 OR Fax : 044-20353 OR Email: library@mksu.ac.ke